Normal view
MARC view
Entry Personal Name
001 - CONTROL NUMBER
- control field: 265941
003 - CONTROL NUMBER IDENTIFIER
- control field: OSt
005 - DATE AND TIME OF LATEST TRANSACTION
- control field: 20260623124956.0
008 - FIXED-LENGTH DATA ELEMENTS
- fixed length control field: 260623|| aca||aabn | a|a d
040 ## - CATALOGING SOURCE
- Original cataloging agency: OSt
- Transcribing agency: OSt
100 ## - HEADING--PERSONAL NAME
- Personal name: RODRIGUES (Melvin).
- Dates associated with a name: ಮೆಲ್ವಿನ್ ರೊಡ್ರಿಗಸ್
670 ## - SOURCE DATA FOUND
- Source citation: Work cat.: (OSt)106890: RODRIGUES (Melvin). ಮೆಲ್ವಿನ್ ರೊಡ್ರಿಗಸ್, Vaat: kavita punjo., 2003